000 00597nam a22001937a 4500
005 20251108172335.0
008 250721s2001 xx 000 0 ara d
082 1 4 _a551.48/عرو
100 1 _aالعروسي، حسين
245 1 0 _aالماء و الحياة /
264 1 _aالإسكندرية :
_bمكتبة المعارف الحديثة،
_c2001.
300 _a102ص
490 0 _aالعلوم والتكنولوجيا للجميع
_v3
650 1 7 _aالحياة
650 1 7 _aالغلاف المائي
650 1 7 _aملوثات المياه
942 _2ddc
_cBK
999 _c76658
_d76658